00952 2200325 4500001002100000005001500021035002000036007000300056008004100059020002200100082001500122084001700137100003500154245007200189250002600261300004300287650002700330700002900357504003300386264003100419336002100450337003000471338002300501040002200524850001200546041000800558090002000566990002000586990002000606INLIS00000000085045520190819010320 a0010-0819000357ta190819s2018 yoi fr | ind d a978-602-5479-86-104223a297.18 a297.18 SHO s1 aShohibul Ulum, A.R.ePengarang10aSejenak menepi hari /cA.R. Shohibul Ulum; penyunting, Zhivana A.U. aCetakan pertama, 2018 axxi, 264 halaman :bilustrasi ;c21 cm 4aIslam--xCerita-cerita0 aZhivana A.U.ePenyunting aBibliografi: halaman 261-262 aSleman :bChecklist,c2018 2rdacontentateks 2rdamediaatanpa perantara 2rdacarrieravolume aYOPDYOGbinderda aYOPDYOG0 aind aPK 297.18 SHO s a41708-PD/B.2019 a41709-PD/B.2019